[Event "MNT-chT"]
[Site "Herceg Novi"]
[Date "2024.05.02"]
[Round "7.7"]
[White "Stankovic, Milos"]
[Black "Markus, Robert"]
[Result "1/2-1/2"]
[WhiteElo "2464"]
[BlackElo "2590"]
[PlyCount "22"]
[EventDate "2024.04.27"]
[EventType "team-tourn"]
[EventRounds "9"]
[EventCountry "MNE"]
[SourceTitle "CB19_2024"]
[SourceDate "2024.05.08"]
[SourceVersion "1"]
[SourceVersionDate "2024.05.08"]
[SourceQuality "1"]
[WhiteTeam "Mimoza"]
[BlackTeam "Buducnost"]
[WhiteTeamCountry "MNE"]
[BlackTeamCountry "MNE"]

1. e4 e6 2. d4 d5 3. Nc3 Bb4 4. exd5 exd5 5. Bd3 Nc6 6. Nf3 Nge7 7. 0-0 0-0 8. Ne2 Bf5 9. c3 Bd6 10. Bf4 Bxd3 11. Qxd3 Ng6 1/2-1/2

[Event "HUN-chT 2324"]
[Site "Hungary"]
[Date "2024.02.18"]
[Round "4.7"]
[White "Markus, Robert"]
[Black "Korpa, Bence"]
[Result "1/2-1/2"]
[WhiteElo "2578"]
[BlackElo "2522"]
[PlyCount "61"]
[EventDate "2023.10.28"]
[EventType "team-tourn"]
[EventRounds "9"]
[EventCountry "HUN"]
[SourceTitle "CB16_2024"]
[SourceDate "2024.04.17"]
[SourceVersion "1"]
[SourceVersionDate "2024.04.17"]
[SourceQuality "1"]
[WhiteTeam "Tungsram ANSK"]
[BlackTeam "Ajka Sentimento"]
[WhiteTeamCountry "HUN"]
[BlackTeamCountry "HUN"]

1. d4 Nf6 2. Nf3 d5 3. c4 e6 4. e3 Be7 5. b3 0-0 6. Bb2 b6 7. Bd3 c5 8. 0-0 dxc4 9. bxc4 Bb7 10. Nbd2 Nbd7 11. Qe2 Qc7 12. Rfd1 Rfd8 13. Rac1 Nf8 14. Ne5 Ng6 15. Nxg6 hxg6 16. Nf3 Bd6 17. h3 cxd4 18. exd4 Rac8 19. Ne5 Bxe5 20. Qxe5 Qxe5 21. dxe5 Ne4 22. Ba3 Nc5 23. Be2 g5 24. f3 f6 25. exf6 gxf6 26. Kf2 Kf7 27. Ke3 e5 28. Rxd8 Rxd8 29. Rd1 Rxd1 30. Bxd1 Bc8 31. Bb2 1/2-1/2

[Event "Bundesliga 2324"]
[Site "Germany"]
[Date "2024.01.14"]
[Round "6.4"]
[White "Markus, Robert"]
[Black "Engel, Luis"]
[Result "1-0"]
[WhiteElo "2578"]
[BlackElo "2547"]
[PlyCount "79"]
[EventDate "2023.10.21"]
[EventType "team-tourn"]
[EventRounds "15"]
[EventCountry "GER"]
[SourceTitle "CB03_2024"]
[SourceDate "2024.01.17"]
[SourceVersion "1"]
[SourceVersionDate "2024.01.17"]
[SourceQuality "1"]
[WhiteTeam "Kirchweyhe"]
[BlackTeam "Hamburger SK"]
[WhiteTeamCountry "GER"]
[BlackTeamCountry "GER"]

1. Nf3 d5 2. g3 Nf6 3. Bg2 e6 4. 0-0 Be7 5. b3 0-0 6. Bb2 a5 7. c4 a4 8. Na3 Na6 9. Nc2 b6 10. d3 Bb7 11. Qb1 Bd6 12. b4 Qe7 13. b5 Nc5 14. cxd5 exd5 15. Ncd4 a3 16. Bc1 Ra4 17. Qc2 Qd7 18. Bg5 Nh5 19. Bd2 Rfa8 20. Rab1 Nf6 21. Rfc1 h6 22. Bc3 Nh7 23. Nc6 Bxc6 24. bxc6 Qxc6 25. Nd4 Qb7 26. Nf5 Bf8 27. Bxg7 Qc8 28. Bxf8 Kxf8 29. Ne3 d4 30. Bxa8 Qxa8 31. Ng2 Ng5 32. Nf4 Ra5 33. Qc4 Kg8 34. Rb5 Ra4 35. Qc2 Nce6 36. Rxg5+ Nxg5 37. Qxc7 Ra7 38. Qxb6 Ra6 39. Qxd4 Re6 40. h4 1-0

[Event "EU-chT 24th"]
[Site "Budva"]
[Date "2023.11.17"]
[Round "6.4"]
[White "Ter Sahakyan, Samvel"]
[Black "Markus, Robert"]
[Result "1/2-1/2"]
[WhiteElo "2618"]
[BlackElo "2582"]
[PlyCount "89"]
[EventDate "2023.11.11"]
[EventType "team-swiss"]
[EventRounds "9"]
[EventCountry "MNE"]
[SourceTitle "CB47_2023"]
[SourceDate "2023.11.22"]
[SourceVersion "1"]
[SourceVersionDate "2023.11.22"]
[SourceQuality "1"]
[WhiteTeam "Armenia"]
[BlackTeam "Serbia"]
[WhiteTeamCountry "ARM"]
[BlackTeamCountry "SRB"]

1. e4 e6 2. d4 d5 3. Nc3 Bb4 4. e5 c5 5. a3 Bxc3+ 6. bxc3 Ne7 7. Qg4 0-0 8. Bd3 f5 9. exf6 Rxf6 10. Bg5 Rf7 11. Qh5 g6 12. Qd1 Nbc6 13. Nf3 Qa5 14. Bd2 c4 15. Be2 Nf5 16. h4 h6 17. Kf1 Bd7 18. Kg1 Re8 19. Rh3 e5 20. dxe5 Nxe5 21. Nxe5 Rxe5 22. g4 Ng7 23. Bxh6 Ne6 24. Qd2 d4 25. Bxc4 Re4 26. Rg3 Qc5 27. Bxe6 Bxe6 28. cxd4 Rxd4 29. Qe3 Qd5 30. Re1 Bd7 31. Qg5 Qxg5 32. Bxg5 Rxg4 33. Rxg4 Bxg4 34. Kg2 Rc7 35. Re3 Bf5 36. c3 Kf7 37. Kg3 Be6 38. f3 Rc4 39. Bf4 Rc6 40. Rd3 Bf5 41. Re3 Be6 42. Be5 Ra6 43. Rd3 Rxa3 44. Rd8 Ke7 45. Bd6+ 1/2-1/2

[Event "EU-chT 24th"]
[Site "Budva"]
[Date "2023.11.14"]
[Round "4.4"]
[White "Markus, Robert"]
[Black "Borisek, Jure"]
[Result "1/2-1/2"]
[WhiteElo "2582"]
[BlackElo "2568"]
[PlyCount "109"]
[EventDate "2023.11.11"]
[EventType "team-swiss"]
[EventRounds "9"]
[EventCountry "MNE"]
[SourceTitle "CB47_2023"]
[SourceDate "2023.11.22"]
[SourceVersion "1"]
[SourceVersionDate "2023.11.22"]
[SourceQuality "1"]
[WhiteTeam "Serbia"]
[BlackTeam "Slovenia"]
[WhiteTeamCountry "SRB"]
[BlackTeamCountry "SLO"]

1. c4 e6 2. g3 d5 3. Bg2 Nf6 4. Nf3 d4 5. 0-0 Nc6 6. d3 Bc5 7. Na3 0-0 8. Nc2 a5 9. b3 h6 10. a3 e5 11. Rb1 Re8 12. b4 axb4 13. axb4 Bf8 14. b5 Nb8 15. e3 dxe3 16. Nxe3 Nbd7 17. Bb2 c6 18. bxc6 bxc6 19. d4 e4 20. Ne5 c5 21. Nxd7 Nxd7 22. Qc2 cxd4 23. Bxd4 Nc5 24. Rfd1 Nd3 25. Bb6 Qg5 26. Bxe4 Rxe4 27. Qxd3 Re8 28. Rb5 Qf6 29. Bc5 Bh3 30. Bxf8 Qf3 31. Rb2 Kxf8 32. Qd6+ Kg8 33. Qd5 Qf6 34. Rbd2 Rac8 35. Rd4 Be6 36. Qd6 Qf3 37. Qf4 Qe2 38. g4 Qa2 39. h4 Qa5 40. Nd5 Qc5 41. g5 Bxd5 42. cxd5 hxg5 43. hxg5 Rcd8 44. Kg2 Rd6 45. Rc1 Qb6 46. Rc3 Rg6 47. Rg3 Qd6 48. Qd2 f6 49. gxf6 Rxf6 50. Rdg4 Rf7 51. Rg6 Qe5 52. Re3 Rxf2+ 53. Qxf2 Qxe3 54. Qxe3 Rxe3 55. Rg3 1/2-1/2

[Event "EU-chT 24th"]
[Site "Budva"]
[Date "2023.11.12"]
[Round "2.9"]
[White "Sonis, Francesco"]
[Black "Markus, Robert"]
[Result "1/2-1/2"]
[WhiteElo "2564"]
[BlackElo "2582"]
[PlyCount "108"]
[EventDate "2023.11.11"]
[EventType "team-swiss"]
[EventRounds "9"]
[EventCountry "MNE"]
[SourceTitle "CB47_2023"]
[SourceDate "2023.11.22"]
[SourceVersion "1"]
[SourceVersionDate "2023.11.22"]
[SourceQuality "1"]
[WhiteTeam "Italy"]
[BlackTeam "Serbia"]
[WhiteTeamCountry "ITA"]
[BlackTeamCountry "SRB"]

1. d4 Nf6 2. c4 d6 3. Nc3 Nbd7 4. Nf3 g6 5. g3 Bg7 6. Bg2 0-0 7. 0-0 e5 8. e4 exd4 9. Nxd4 c6 10. h3 Re8 11. Be3 a5 12. Qc2 a4 13. Rad1 Qa5 14. b3 axb3 15. axb3 Nc5 16. Rfe1 Nfd7 17. Rb1 Qb4 18. Red1 Ne5 19. Kh2 h5 20. Nde2 Ra3 21. Nb5 cxb5 22. Bd2 Qxb3 23. Rxb3 Rxb3 24. Bc3 b4 25. Bd4 Ra3 26. Qb1 b3 27. Nc3 Ra5 28. Bxc5 Rxc5 29. Qxb3 Nxc4 30. Na4 Rc7 31. Nb6 Nxb6 32. Qxb6 Rc6 33. Qb4 Bf8 34. Qb1 Rc5 35. h4 b5 36. Rd5 Rxd5 37. exd5 Bd7 38. Bh3 f5 39. Bf1 Rc8 40. Qa1 Be8 41. Bd3 Rc5 42. Qb1 Rxd5 43. Qb3 Bf7 44. Bxb5 Re5 45. Bc4 Bxc4 46. Qxc4+ Kg7 47. Qc7+ Be7 48. Kg2 Kf7 49. Qc4+ Kg7 50. f3 Bf8 51. Qd4 Kf7 52. Qc4+ Kg7 53. Qd4 Kf7 54. Qc4+ Kg7 1/2-1/2

[Event "EU-Cup 38th"]
[Site "Durres"]
[Date "2023.10.06"]
[Round "6.5"]
[White "Pezelj, Novak"]
[Black "Markus, Robert"]
[Result "1/2-1/2"]
[WhiteElo "2476"]
[BlackElo "2578"]
[PlyCount "62"]
[EventDate "2023.10.01"]
[EventType "team-swiss"]
[EventRounds "7"]
[EventCountry "ALB"]
[SourceTitle "EXT 2024"]
[Source "ChessBase"]
[SourceDate "2023.10.10"]
[SourceVersion "1"]
[SourceVersionDate "2023.10.10"]
[SourceQuality "1"]
[WhiteTeam "Zmaj"]
[BlackTeam "Ljubljana Tajfun"]
[WhiteTeamCountry "SRB"]
[BlackTeamCountry "SLO"]

1. e4 e6 2. d4 d5 3. Bd3 dxe4 4. Bxe4 Nf6 5. Bf3 Nbd7 6. Nc3 Bb4 7. Nge2 0-0 8. 0-0 e5 9. Bg5 Re8 10. Nd5 Bd6 11. Nec3 h6 12. Nxf6+ Nxf6 13. Bxf6 Qxf6 14. Ne4 Qd8 15. Nxd6 Qxd6 16. dxe5 Qxe5 17. Re1 Qxe1+ 18. Qxe1 Rxe1+ 19. Rxe1 Be6 20. b3 c6 21. Kf1 Kf8 22. Ke2 Rd8 23. Rd1 Rxd1 24. Kxd1 Ke7 25. Kd2 Kd6 26. g3 a5 27. a3 b6 28. b4 axb4 29. axb4 c5 30. bxc5+ bxc5 31. Ke3 Ke5 1/2-1/2

[Event "SRB-chT Premier"]
[Site "Bajina Basta"]
[Date "2023.09.25"]
[Round "8.2"]
[White "Markus, Robert"]
[Black "Petrov, Martin"]
[Result "1/2-1/2"]
[WhiteElo "2587"]
[BlackElo "2495"]
[PlyCount "32"]
[EventDate "2023.09.18"]
[EventType "team-tourn"]
[EventRounds "11"]
[EventCountry "SRB"]
[SourceTitle "EXT 2024"]
[Source "ChessBase"]
[SourceDate "2023.10.10"]
[SourceVersion "1"]
[SourceVersionDate "2023.10.10"]
[SourceQuality "1"]
[WhiteTeam "Ruma Sloven"]
[BlackTeam "Kostolac Rudar"]
[WhiteTeamCountry "SRB"]
[BlackTeamCountry "SRB"]

1. d4 Nf6 2. c4 e6 3. Nf3 d5 4. e3 b6 5. Bd3 Bb7 6. 0-0 Bd6 7. cxd5 exd5 8. b4 0-0 9. Qb3 Qe7 10. b5 c5 11. bxc6 Nxc6 12. Ba3 Rfc8 13. Bxd6 Qxd6 14. Nc3 Na5 15. Qb2 Nc4 16. Qe2 a6 1/2-1/2

[Event "SRB-chT Premier"]
[Site "Bajina Basta"]
[Date "2023.09.19"]
[Round "2.3"]
[White "Nikitenko, Mihail"]
[Black "Markus, Robert"]
[Result "1/2-1/2"]
[WhiteElo "2521"]
[BlackElo "2587"]
[PlyCount "49"]
[EventDate "2023.09.18"]
[EventType "team-tourn"]
[EventRounds "11"]
[EventCountry "SRB"]
[SourceTitle "EXT 2024"]
[Source "ChessBase"]
[SourceDate "2023.10.10"]
[SourceVersion "1"]
[SourceVersionDate "2023.10.10"]
[SourceQuality "1"]
[WhiteTeam "Kac Jugovic"]
[BlackTeam "Ruma Sloven"]
[WhiteTeamCountry "SRB"]
[BlackTeamCountry "SRB"]

1. e4 e5 2. Nf3 Nf6 3. Nc3 Bb4 4. a3 Bxc3 5. dxc3 d6 6. Bd3 Nbd7 7. Be3 Qe7 8. h3 Nc5 9. Bxc5 dxc5 10. Qe2 Bd7 11. a4 0-0 12. Nd2 Rfd8 13. b3 Ne8 14. 0-0 Qg5 15. f4 exf4 16. e5 Bc6 17. Nf3 Qh6 18. Rae1 Bd5 19. Nh2 Qg5 20. Be4 c6 21. Qf2 Nc7 22. Qxf4 Qxf4 23. Rxf4 Ne6 24. Rf2 c4 25. Bxd5 1/2-1/2

[Event "SRB-chT Premier"]
[Site "Bajina Basta"]
[Date "2023.09.18"]
[Round "1.4"]
[White "Markus, Robert"]
[Black "Aslanov, Umid Fuad"]
[Result "1-0"]
[WhiteElo "2587"]
[BlackElo "2260"]
[PlyCount "67"]
[EventDate "2023.09.18"]
[EventType "team-tourn"]
[EventRounds "11"]
[EventCountry "SRB"]
[SourceTitle "EXT 2024"]
[Source "ChessBase"]
[SourceDate "2023.10.10"]
[SourceVersion "1"]
[SourceVersionDate "2023.10.10"]
[SourceQuality "1"]
[WhiteTeam "Ruma Sloven"]
[BlackTeam "Nova Pazova Mladost"]
[WhiteTeamCountry "SRB"]
[BlackTeamCountry "SRB"]

1. Nf3 d5 2. g3 Nf6 3. Bg2 c6 4. d3 Bg4 5. h3 Bh5 6. 0-0 Nbd7 7. Qe1 e5 8. e4 dxe4 9. dxe4 Bxf3 10. Bxf3 Bc5 11. Nd2 0-0 12. a4 a5 13. Bg2 Qc7 14. Qe2 Rfd8 15. Nb3 Bb6 16. Qc4 Nf8 17. Bd2 Ne6 18. Rae1 Nd7 19. Kh1 Ndc5 20. Bc1 Nxb3 21. Qxb3 Rd4 22. f4 Bc5 23. f5 Nf8 24. c3 Rd6 25. Bf3 Nd7 26. Rd1 Nb6 27. g4 Rad8 28. g5 Rxd1 29. Bxd1 Rd6 30. Bh5 Qd7 31. Bg4 Rd3 32. Kg2 Qc7 33. g6 h6 34. f6 1-0

[Event "SRB-ch 17th"]
[Site "Senta"]
[Date "2023.06.13"]
[Round "8"]
[White "Indjic, Aleksandar"]
[Black "Markus, Robert"]
[Result "1/2-1/2"]
[WhiteElo "2613"]
[BlackElo "2582"]
[PlyCount "60"]
[EventDate "2023.06.06"]
[EventType "tourn"]
[EventRounds "9"]
[EventCountry "SRB"]
[EventCategory "9"]
[SourceTitle "CBM 214 Extra"]
[Source "ChessBase"]
[SourceDate "2023.07.31"]
[SourceVersion "1"]
[SourceVersionDate "2023.07.31"]
[SourceQuality "1"]

1. e4 e6 2. d4 d5 3. e5 c5 4. c3 Nc6 5. Nf3 Bd7 6. Be2 Nge7 7. Na3 cxd4 8. cxd4 Nf5 9. Nc2 Nh4 10. Nxh4 Qxh4 11. 0-0 f5 12. f4 Qd8 13. Bd3 g6 14. Kh1 Nb4 15. Nxb4 Bxb4 16. Be3 Kf7 17. g4 Qb6 18. gxf5 exf5 19. Qf3 Be6 20. Qh3 Be7 21. Rac1 Rac8 22. Rxc8 Bxc8 23. Qg2 Be6 24. Rc1 Qa5 25. a3 Rc8 26. Rxc8 Bxc8 27. Qd2 Qxd2 28. Bxd2 Bd7 29. Kg2 Ba4 30. Kf3 Ke6 1/2-1/2

[Event "SRB-ch 17th"]
[Site "Senta"]
[Date "2023.06.10"]
[Round "5"]
[White "Ljepic, Andrej"]
[Black "Markus, Robert"]
[Result "0-1"]
[WhiteElo "2207"]
[BlackElo "2582"]
[PlyCount "132"]
[EventDate "2023.06.06"]
[EventType "tourn"]
[EventRounds "9"]
[EventCountry "SRB"]
[EventCategory "9"]
[SourceTitle "CBM 214 Extra"]
[Source "ChessBase"]
[SourceDate "2023.07.31"]
[SourceVersion "1"]
[SourceVersionDate "2023.07.31"]
[SourceQuality "1"]

1. e4 e6 2. d4 d5 3. Nc3 Bb4 4. exd5 exd5 5. Bd3 Nc6 6. Nge2 Nge7 7. 0-0 0-0 8. Bf4 Ng6 9. Be3 Nce7 10. Nf4 Bxc3 11. Nxg6 hxg6 12. bxc3 Bf5 13. c4 Bxd3 14. Qxd3 dxc4 15. Qxc4 Qd7 16. Qb3 b5 17. a4 a6 18. c4 bxc4 19. Qxc4 Nd5 20. Qd3 Rfe8 21. Rfe1 Re6 22. h3 Rae8 23. a5 g5 24. Kf1 f6 25. Bd2 Kf7 26. Rxe6 Rxe6 27. Rb1 Qa4 28. Kg1 Qd7 29. Kf1 Rd6 30. Kg1 Rc6 31. Qh7 Ne7 32. Qh5+ Ng6 33. Qf3 Rd6 34. Be3 Rd5 35. Rb7 Rb5 36. Ra7 Qd6 37. g3 Rxa5 38. Qb7 Ne7 39. Qxc7 Qxc7 40. Rxc7 Ke6 41. Kg2 g6 42. Kf3 Nd5 43. Ra7 Kf5 44. Ra8 Ke6 45. Ke2 Ra2+ 46. Bd2 Nb6 47. d5+ Kd6 48. Re8 Nc4 49. Re6+ Kxd5 50. Rxf6 Rxd2+ 51. Ke1 a5 52. Rxg6 Rb2 53. Rxg5+ Kd4 54. Rg8 a4 55. Ra8 a3 56. Kf1 a2 57. Kg2 Ne3+ 58. Kf3 Nc2 59. Kf4 a1Q 60. Rxa1 Nxa1 61. h4 Rxf2+ 62. Kg5 Rh2 63. h5 Nb3 64. Kg6 Nc5 65. g4 Ke5 66. h6 Ne6 0-1

[Event "CRO Cup"]
[Site "Mali Losinj"]
[Date "2023.05.13"]
[Round "5.1"]
[White "Markus, Robert"]
[Black "Martinovic, Sasa"]
[Result "1/2-1/2"]
[WhiteElo "2596"]
[BlackElo "2559"]
[PlyCount "45"]
[EventDate "2023.05.10"]
[EventType "team-swiss"]
[EventRounds "6"]
[EventCountry "CRO"]
[SourceTitle "CBM 214 Extra"]
[Source "ChessBase"]
[SourceDate "2023.07.31"]
[SourceVersion "1"]
[SourceVersionDate "2023.07.31"]
[SourceQuality "1"]
[WhiteTeam "Rijeka Liburnija"]
[BlackTeam "Solin Cemex"]
[WhiteTeamCountry "CRO"]
[BlackTeamCountry "CRO"]

1. d4 Nf6 2. c4 e6 3. Nf3 d5 4. g3 dxc4 5. Bg2 a6 6. Ne5 Bb4+ 7. Nc3 Nd5 8. Bd2 Nb6 9. e3 N8d7 10. Nxd7 Qxd7 11. Ne4 a5 12. 0-0 0-0 13. Qc2 Qe7 14. Bxb4 axb4 15. Nd2 Ra5 16. Nxc4 Nxc4 17. Qxc4 b6 18. Rfc1 c5 19. a3 Qa7 20. Rab1 bxa3 21. bxa3 Rxa3 22. dxc5 bxc5 23. Qxc5 1/2-1/2

[Event "CRO Cup"]
[Site "Mali Losinj"]
[Date "2023.05.11"]
[Round "2.1"]
[White "Feletar, Darko"]
[Black "Markus, Robert"]
[Result "1/2-1/2"]
[WhiteElo "2350"]
[BlackElo "2596"]
[PlyCount "31"]
[EventDate "2023.05.10"]
[EventType "team-swiss"]
[EventRounds "6"]
[EventCountry "CRO"]
[SourceTitle "CBM 214 Extra"]
[Source "ChessBase"]
[SourceDate "2023.07.31"]
[SourceVersion "1"]
[SourceVersionDate "2023.07.31"]
[SourceQuality "1"]
[WhiteTeam "Osijek Ferit"]
[BlackTeam "Rijeka Liburnija"]
[WhiteTeamCountry "CRO"]
[BlackTeamCountry "CRO"]

1. e4 e6 2. d4 d5 3. Nd2 c5 4. Ngf3 cxd4 5. exd5 Qxd5 6. Bc4 Qd6 7. 0-0 Nf6 8. Nb3 Nc6 9. Nbxd4 Nxd4 10. Qxd4 Qxd4 11. Nxd4 Bd7 12. Re1 Rc8 13. Bd3 Bc5 14. Nb3 Bb6 15. h3 Ke7 16. Bd2 1/2-1/2

[Event "CRO Cup"]
[Site "Mali Losinj"]
[Date "2023.05.10"]
[Round "1.1"]
[White "Markus, Robert"]
[Black "Pavicic, Tomislav"]
[Result "1-0"]
[WhiteElo "2596"]
[BlackElo "2151"]
[PlyCount "53"]
[EventDate "2023.05.10"]
[EventType "team-swiss"]
[EventRounds "6"]
[EventCountry "CRO"]
[SourceTitle "CBM 214 Extra"]
[Source "ChessBase"]
[SourceDate "2023.07.31"]
[SourceVersion "1"]
[SourceVersionDate "2023.07.31"]
[SourceQuality "1"]
[WhiteTeam "Rijeka Liburnija"]
[BlackTeam "Karlobag"]
[WhiteTeamCountry "CRO"]
[BlackTeamCountry "CRO"]

1. d4 Nf6 2. c4 g6 3. Nf3 Bg7 4. g3 0-0 5. Bg2 d6 6. 0-0 Nc6 7. d5 Na5 8. Nfd2 c5 9. a3 b6 10. b4 Nb7 11. Bb2 Bf5 12. e4 Bg4 13. Qc2 Qc8 14. Nc3 Bh3 15. b5 Bxg2 16. Kxg2 Na5 17. Rae1 e5 18. dxe6 Qxe6 19. Nd5 Rac8 20. Re3 Ng4 21. Re2 Bxb2 22. Qxb2 f5 23. h3 Ne5 24. f4 Nexc4 25. Nxc4 Nxc4 26. Qa2 Na5 27. exf5 1-0

[Event "Bundesliga 2223"]
[Site "Germany"]
[Date "2023.04.01"]
[Round "12.8"]
[White "Markus, Robert"]
[Black "Indjic, Aleksandar"]
[Result "0-1"]
[WhiteElo "2615"]
[BlackElo "2630"]
[PlyCount "80"]
[EventDate "2022.10.21"]
[EventType "team-tourn"]
[EventRounds "15"]
[EventCountry "GER"]
[SourceTitle "CBM 213 Extra"]
[Source "ChessBase"]
[SourceDate "2023.05.31"]
[SourceVersion "1"]
[SourceVersionDate "2023.05.31"]
[SourceQuality "1"]
[WhiteTeam "Kirchweyhe"]
[BlackTeam "Muenchen 36"]
[WhiteTeamCountry "GER"]
[BlackTeamCountry "GER"]

1. d4 Nf6 2. Nf3 e6 3. e3 b6 4. Bd3 Bb7 5. 0-0 d5 6. b3 Be7 7. Bb2 0-0 8. Nbd2 Nbd7 9. c4 c5 10. cxd5 Nxd5 11. Rc1 Rc8 12. Qe2 cxd4 13. Nxd4 Nc5 14. Bc4 a6 15. a4 Rc7 16. Rfd1 Bf6 17. Qg4 Rd7 18. Ba3 Bxd4 19. exd4 Nf6 20. Qe2 Rxd4 21. a5 Re8 22. Nf3 Rxd1+ 23. Rxd1 Ncd7 24. axb6 Qxb6 25. Rd6 Qc7 26. Bxa6 Ra8 27. h3 h6 28. Nd4 Bd5 29. Nb5 Qa5 30. b4 Qa4 31. Bb2 Qxb4 32. Bc3 Qc5 33. Qb2 Be4 34. Kh1 Rb8 35. Bd4 Rxb5 36. Rxd7 Qf5 37. Rd8+ Kh7 38. Qc3 Rb1+ 39. Kh2 Qf4+ 40. Qg3 Qc1 0-1

[Event "GER CupT"]
[Site "Germany"]
[Date "2023.03.11"]
[Round "3.1"]
[White "Wichmann, Cliff"]
[Black "Markus, Robert"]
[Result "1/2-1/2"]
[WhiteElo "2305"]
[BlackElo "2598"]
[PlyCount "93"]
[EventDate "2023.01.28"]
[EventType "team-k.o."]
[EventRounds "4"]
[EventCountry "GER"]
[SourceTitle "EXT 2024"]
[Source "ChessBase"]
[SourceDate "2023.10.10"]
[SourceVersion "1"]
[SourceVersionDate "2023.10.10"]
[SourceQuality "1"]
[WhiteTeam "Nickelhuette Aue"]
[BlackTeam "Kirchweyhe"]
[WhiteTeamCountry "GER"]
[BlackTeamCountry "GER"]

1. d4 Nf6 2. c4 d6 3. Nc3 Nbd7 4. Nf3 e5 5. Bg5 c6 6. e3 Qc7 7. Be2 g6 8. c5 dxc5 9. dxe5 Ng4 10. Ne4 Ngxe5 11. Qd2 f5 12. Nf6+ Nxf6 13. Bxf6 Bg7 14. Bxg7 Qxg7 15. Rc1 Nxf3+ 16. Bxf3 Qe5 17. 0-0 Be6 18. b3 a5 19. Rc3 a4 20. Rfc1 axb3 21. axb3 Ra5 22. Rd3 Ra1 23. Rdc3 Rxc1+ 24. Qxc1 b6 25. Bxc6+ Ke7 26. f4 Qf6 27. Rd3 Rd8 28. Rxd8 Kxd8 29. Bb5 Bxb3 30. Qa3 Bd5 31. Qa7 Qd6 32. Qxh7 Bc6 33. Qg8+ Kc7 34. Qg7+ Qd7 35. Qe5+ Kb7 36. Be2 Qd2 37. Qe7+ Bd7 38. Kf1 Kc7 39. h4 c4 40. Qe5+ Kb7 41. Bf3+ Ka6 42. Be2 b5 43. Qc7 Qc1+ 44. Kf2 Qd2 45. Kf1 Qc1+ 46. Kf2 Qd2 47. Kf1 1/2-1/2

[Event "Bundesliga 2223"]
[Site "Germany"]
[Date "2023.02.25"]
[Round "8.3"]
[White "Kollars, Dmitrij"]
[Black "Markus, Robert"]
[Result "1-0"]
[WhiteElo "2612"]
[BlackElo "2615"]
[PlyCount "75"]
[EventDate "2022.10.21"]
[EventType "team-tourn"]
[EventRounds "15"]
[EventCountry "GER"]
[SourceTitle "CBM 213 Extra"]
[Source "ChessBase"]
[SourceDate "2023.05.31"]
[SourceVersion "1"]
[SourceVersionDate "2023.05.31"]
[SourceQuality "1"]
[WhiteTeam "Deizisau"]
[BlackTeam "Kirchweyhe"]
[WhiteTeamCountry "GER"]
[BlackTeamCountry "GER"]

1. e4 e5 2. Nf3 Nf6 3. Nxe5 d6 4. Nf3 Nxe4 5. d4 d5 6. Bd3 Nd6 7. 0-0 Be7 8. Bf4 0-0 9. Nbd2 Re8 10. Re1 Nd7 11. c3 Nf8 12. h3 c6 13. Qb3 Be6 14. Re2 Qd7 15. Rae1 Ne4 16. Qc2 Nxd2 17. Bxd2 Qc7 18. Ng5 Bxg5 19. Bxg5 f6 20. Bh4 Bf7 21. Bg3 Qd7 22. f4 b6 23. f5 c5 24. Rxe8 Rxe8 25. Rxe8 Qxe8 26. dxc5 bxc5 27. b4 Qc6 28. a4 c4 29. Be2 a6 30. Bd1 g6 31. Qf2 gxf5 32. Qxf5 Kg7 33. Bf2 Bg6 34. Qg4 Kf7 35. Qd4 Ne6 36. Qa7+ Ke8 37. b5 axb5 38. axb5 1-0

[Event "Belgrade Gligoric Trophy KO"]
[Site "Belgrade"]
[Date "2023.02.07"]
[Round "1.1"]
[White "Markus, Robert"]
[Black "Perunovic, Milos"]
[Result "1/2-1/2"]
[WhiteElo "2613"]
[BlackElo "2554"]
[PlyCount "70"]
[EventDate "2023.02.07"]
[EventType "k.o. (rapid)"]
[EventRounds "3"]
[EventCountry "SRB"]
[SourceTitle "CBM 212 Extra"]
[Source "ChessBase"]
[SourceDate "2023.03.31"]
[SourceVersion "1"]
[SourceVersionDate "2023.03.31"]
[SourceQuality "1"]

1. d4 Nf6 2. Nf3 e6 3. e3 c5 4. Bd3 d5 5. b3 Nc6 6. Bb2 Bd6 7. 0-0 Qc7 8. c4 cxd4 9. exd4 0-0 10. Re1 b6 11. Nc3 a6 12. cxd5 exd5 13. Rc1 Bf4 14. Rc2 Bg4 15. Na4 Rfe8 16. Rxe8+ Rxe8 17. g3 b5 18. Nc5 Bd6 19. Re2 Rc8 20. Re1 Nxd4 21. Bxd4 Bxc5 22. Bxf6 gxf6 23. Kg2 Qd7 24. Qd2 Kg7 25. Nh4 Bd6 26. Bb1 Bh3+ 27. Kg1 Be5 28. Qd3 Rh8 29. Qf3 Bg4 30. Nf5+ Qxf5 31. Qxf5 Bxf5 32. Bxf5 Rd8 33. Rc1 d4 34. Bd3 Rd7 35. Kg2 Rc7 1/2-1/2

[Event "Belgrade Gligoric Trophy Gp-D"]
[Site "Belgrade"]
[Date "2023.02.06"]
[Round "4"]
[White "Maksimovic, Bojan"]
[Black "Markus, Robert"]
[Result "1-0"]
[WhiteElo "2486"]
[BlackElo "2613"]
[PlyCount "157"]
[EventDate "2023.02.06"]
[EventType "tourn (rapid)"]
[EventRounds "6"]
[EventCountry "SRB"]
[EventCategory "10"]
[SourceTitle "CBM 212 Extra"]
[Source "ChessBase"]
[SourceDate "2023.03.31"]
[SourceVersion "1"]
[SourceVersionDate "2023.03.31"]
[SourceQuality "1"]

1. d4 Nf6 2. c4 e6 3. Nf3 Bb4+ 4. Bd2 a5 5. g3 d6 6. Bg2 Nbd7 7. 0-0 e5 8. a3 Bxd2 9. Qxd2 0-0 10. Nc3 Re8 11. e3 c6 12. Qc2 Qe7 13. Rad1 Rb8 14. Ng5 Nf8 15. dxe5 dxe5 16. Qa4 Bg4 17. Rd2 Ra8 18. Nge4 Nxe4 19. Nxe4 Red8 20. Rxd8 Qxd8 21. h3 Bh5 22. Qb3 Qe7 23. g4 Bg6 24. Rd1 Bxe4 25. Bxe4 Ne6 26. Qc2 g6 27. Bg2 a4 28. Qc3 Nc5 29. Qb4 Kf8 30. Qc3 f6 31. Qd2 Ke8 32. Qb4 Kf7 33. Bf3 e4 34. Be2 Qe5 35. Qd2 Re8 36. Qd4 Kf8 37. Qd2 b6 38. Kg2 Ke7 39. Qc3 Rb8 40. Qd2 h5 41. gxh5 gxh5 42. Qd4 Rg8+ 43. Kh1 Qe6 44. Kh2 Rg5 45. Qd8+ Kf7 46. Qc7+ Kg6 47. h4 Qe5+ 48. Qxe5 Rxe5 49. Kg3 f5 50. Kf4 Kf6 51. Bxh5 Nd3+ 52. Kg3 Nxb2 53. Rb1 Nxc4 54. Be2 b5 55. Bxc4 bxc4 56. Rc1 Rc5 57. Rc3 Ke5 58. h5 f4+ 59. Kg4 fxe3 60. fxe3 Kf6 61. h6 Kg6 62. Kf4 Kxh6 63. Kxe4 Kg7 64. Kd4 Rb5 65. Rxc4 Kf7 66. Rxc6 Rb3 67. Rc3 Rb8 68. Rc4 Ra8 69. e4 Ke6 70. Kc3 Ke5 71. Kb4 Ra7 72. Kb5 Ra8 73. Rxa4 Rb8+ 74. Kc5 Rc8+ 75. Kb6 Rb8+ 76. Kc7 Rb3 77. Kc6 Rb8 78. Rb4 Rc8+ 79. Kb7 1-0